000
00311nam a22001217a 4500
008
181018b xxu||||| |||| 00| 0 eng d
041
_a
eng
080
_a
612.39
100
_a
10
101
_a
NUT
245
_a
AHD, a Food-Induced Hypersentivity Syndrome: in Quest of a Cause
_c
Pelsser, L.M.J
942
_2
udc
_c
BK
999
_c
50121
_d
50121